Quizz Jojo's 1-9 (possible spoil) - Statistiques

Statistiques générales
  • Ce quiz a été pris 525 fois
  • Le résultat moyen est 11 sur 15
Statistiques - réponses
Question Réponse % Correct
Comment se nomme l'alter égo de Diavolo, antagoniste final de la partie 5 ? Doppio
94%
Quel était le nom du chien de Jonathan assassiné (RIP) par Dio ? Danny
93%
Comment se nomme la pierre rouge qui, une fois implanté dans le masque permet à Cars de devenir la forme de vie ultime (Partie 3) ? La pierre d'Aja
92%
Quelle genre d'armes utilise Gyro Zeppeli ? Des boules d'acier
91%
On vont les objets effacés par "The Hand" le stand d'Okuyasu ? Personne ne sait, même pas lui
90%
Que fait Jotaro pour montrer son étrange pouvoir à Joseph et Avdul ? Il se tire une balle vers la tempe
86%
De quelle couleur est dans l'animé le costume de Giorno après être devenu boss de la mafia ? Noir
85%
Quelles sont les deux identités fusionnées de Josuke Higashikata (Partie 8) ? Josefumi Kujo - Kira Yoshikage
84%
Quel est le stand le plus invincible ? GER
79%
Que chevauche Emporio au moment où "Made in Heaven" utilise son pouvoir ? Un dauphin
79%
Quel(s) personnage(s) se sont fait frapper par la flèche en premier ? Deux chercheurs ayant trouvés la flèche
73%
Quel est pour l'instant l'objectif de Jodio Joestar (Partie 9) ? Devenir riche grâce aux "mécanismes"
72%
Comment se nomme le fruit tant convoité dans la partie 8 du manga ? Rokakaka
72%
Combien de mètres dure la première étape de la Steel Ball Run ? 15 000
40%
Qu'est ce qui empêchait les hommes du pilier d'utiliser le plein potentiel du masque de pierre ? L'épaisseur de leur crâne
14%
Aucun quiz correspondant
Distribution des résultats
% des personnes avec chaque résultat
Percentile par nombre de réponses
Votre historique - résultats
Vous n’avez pas pris ce quiz